000 00495nas a22001817a 4500
999 _c11831
_d11831
003 OSt
005 20230216115334.0
008 230214b ||||| |||| 00| 0 eng d
022 _aNA
040 _cNA
082 _a001
245 _aCivil Services Chronicle
_bMagazine for IAS Aspirants Since 1990
_cOjha N N
260 _aNew Delhi
_bChronicle Publications Pvt. Ltd.
310 _aMonthly
650 _aGeneral Knowledge
856 _uhttps://www.chronicleindia.in/
942 _2ddc
_cPED
_s1